Normal view MARC view
  • Electric waves

Entry Topical Term

Number of records used in: 2

001 - CONTROL NUMBER

  • control field: 40059

003 - CONTROL NUMBER IDENTIFIER

  • control field: NUST

005 - DATE AND TIME OF LATEST TRANSACTION

  • control field: 20210314131638.0

008 - FIXED-LENGTH DATA ELEMENTS

  • fixed length control field: 210314|| aca||aabn | a|a d

040 ## - CATALOGING SOURCE

  • Original cataloging agency: NUST
  • Transcribing agency: NUST

150 ## - HEADING--TOPICAL TERM

  • Topical term or geographic name entry element: Electric waves

670 ## - SOURCE DATA FOUND

  • Source citation: Work cat.: (NUST): Shedd, Paul C. 40058, Fundamentals of electromagnetic waves., 1954.
© 2023 Central Library, National University of Sciences and Technology. All Rights Reserved.